<?xml version="1.0" encoding="UTF-8"?>
<collection xmlns="http://www.loc.gov/MARC21/slim">
 <record>
  <leader>01310ntm a22002655a 4500</leader>
  <controlfield tag="001">EAD.ead001321</controlfield>
  <controlfield tag="008">080307s2007####ag#######bm###000#0#spa#d</controlfield>
  <controlfield tag="005">20081027154600.0</controlfield>
  <datafield tag="245" ind1="1" ind2="0">
   <subfield code="a">Rediseño del circuito administrativo utilizado en la implementación de actividades de capacitación :</subfield>
   <subfield code="b">Caso de estudio: Secretaría de Cultura y Extensión Universitaria, Universidad Tecnológica Nacional, Facultad Regional Bahía Blanca /</subfield>
   <subfield code="c">Silvia Laura Andrade.</subfield>
  </datafield>
  <datafield tag="260" ind1=" " ind2=" ">
   <subfield code="c">2007.</subfield>
  </datafield>
  <datafield tag="300" ind1=" " ind2=" ">
   <subfield code="a">111 h. ;</subfield>
   <subfield code="c">30 cm.</subfield>
  </datafield>
  <datafield tag="502" ind1=" " ind2=" ">
   <subfield code="a">Tesis (licenciatura)--Universidad Nacional del Sur. Departamento de Ciencias de la Administración, 2007.</subfield>
  </datafield>
  <datafield tag="500" ind1=" " ind2=" ">
   <subfield code="a">Director de tesis: Eduardo García.</subfield>
  </datafield>
  <datafield tag="504" ind1=" " ind2=" ">
   <subfield code="a">Incluye referencias bibliográficas.</subfield>
  </datafield>
  <datafield tag="530" ind1=" " ind2=" ">
   <subfield code="a">También disponible en formato digital.</subfield>
  </datafield>
  <datafield tag="100" ind1="1" ind2=" ">
   <subfield code="a">Andrade, Silvia Laura.</subfield>
   <subfield code="4">dis</subfield>
  </datafield>
  <datafield tag="700" ind1="1" ind2=" ">
   <subfield code="a">García, Eduardo.</subfield>
   <subfield code="4">ths</subfield>
  </datafield>
  <datafield tag="710" ind1="2" ind2=" ">
   <subfield code="a">Universidad Nacional del Sur.</subfield>
   <subfield code="b">Departamento de Ciencias de la Administración</subfield>
   <subfield code="4">dgg.</subfield>
  </datafield>
  <datafield tag="082" ind1="0" ind2="4">
   <subfield code="a">658.4032</subfield>
   <subfield code="2">21</subfield>
  </datafield>
  <datafield tag="650" ind1=" " ind2="7">
   <subfield code="a">Análisis de sistemas.</subfield>
   <subfield code="2">unbist</subfield>
  </datafield>
  <datafield tag="650" ind1=" " ind2="7">
   <subfield code="a">Diagramas de flujo.</subfield>
   <subfield code="2">unbist</subfield>
  </datafield>
  <datafield tag="650" ind1=" " ind2="7">
   <subfield code="a">Formación profesional.</subfield>
   <subfield code="2">unbist</subfield>
  </datafield>
  <datafield tag="653" ind1=" " ind2=" ">
   <subfield code="a">Tesis digitales</subfield>
  </datafield>
  <datafield tag="859" ind1=" " ind2=" ">
   <subfield code="a">AR-BaBDC</subfield>
   <subfield code="b">BIB. ADMINISTRACION - Tesis</subfield>
   <subfield code="h">658.4032</subfield>
   <subfield code="i">An25</subfield>
   <subfield code="k">T</subfield>
   <subfield code="p">b05669</subfield>
  </datafield>
  <datafield tag="859" ind1=" " ind2=" ">
   <subfield code="a">AR-BaBDC</subfield>
   <subfield code="b">BIB. ADMINISTRACION - Tesis</subfield>
   <subfield code="h">658.4032</subfield>
   <subfield code="i">An25</subfield>
   <subfield code="k">T</subfield>
   <subfield code="p">b05776</subfield>
   <subfield code="v">CD</subfield>
   <subfield code="3">CD-ROM</subfield>
  </datafield>
 </record>
</collection>
